000 00551nam a2200205 a 4500
005 20140310183445.0
008 080925s19uu xx 00 eng d
020 _a9780324537772
050 _aHD 31
_b.D267 2008
100 _aDaft, Richard L.
245 _aNew era of management /
_cRichard L. Daft
250 _a2nd ed.
260 _aAustralia :
_bThomson South-Western,
_c2008.
300 _a815 p. :
_bill. col. ;
_c27 cm.
521 _aBSBA
650 _aManagement.
650 _aOrganization.
942 _cBK
_2lcc
_kFOR
999 _c23214
_d23214